All OverseasTerritories of the United Kingdom - Statistics

General Stats
  • This quiz has been taken 10 times
  • The average score is 12 of 17
Answer Stats
Hint Answer % Correct
Namesake of a mysterious patch of sea Bermuda
100%
They fought a war over this in 1982 Falkland Islands
100%
This territory's football team is banned from playing Spain Gibraltar
100%
Part of the Caribbean Anguilla
90%
Known as a famous tax haven Cayman Islands
90%
Another tax haven, sharing a name with a U.S. overseas territory British Virgin Islands
80%
A volcano eruption destroyed their capital city Montserrat
80%
A famous frenchman once died here Saint Helena
80%
This island's name derives from Manannán, a Celtic sea god Isle of Man
70%
The only Nazi-occupied portion of England Channel Islands
60%
Queen Mary's Peak tops this volcanic island Tristan da Cunha
60%
The Caribbean's driest islands, famous for its Grace Bay Beach Turks and Caicos Islands
60%
Military bases on Cyprus Akrotiri and Dhekelia
50%
Once home to mutinous pirates Pitcairn Islands
50%
This staging post of the Falklands war also hosts one of the only four GPS ground antennas Ascension Island
30%
Oldest territorial claim on its continent British Antarctic Territory
30%
Some of the world's southernmost islands South Georgia and the South Sandwich Islands
20%
No matching quizzes found
Score Distribution
Percent of People with Each Score
Percentile by Number Answered
Your Score History
You have not taken this quiz